Central Library OPAC University of Rajshahi

ইবসেন নাট্যসম্ভার / (Record no. 38525)

MARC details
000 -LEADER
fixed length control field 01040nam a2200241 a 4500
001 - CONTROL NUMBER
control field 38525
003 - CONTROL NUMBER IDENTIFIER
rucl marc code BD-RjUL
005 - DATE AND TIME OF LATEST TRANSACTION
control field 20211209052819.0
008 - FIXED-LENGTH DATA ELEMENTS--GENERAL INFORMATION
fixed length control field 170504m1982 ii ||||| |||| 00| d ben d
035 ## - SYSTEM CONTROL NUMBER
System control number (BD-RjUL)38630
040 ## - CATALOGING SOURCE
Original cataloging agency BD-RjUL
Language of cataloging ben
Transcribing agency BD-RjUL
041 ## - LANGUAGE CODE
Language code of text/sound track or separate title ben
082 ## - DEWEY DECIMAL CLASSIFICATION NUMBER
Edition number 23
Classification number 839.8226
Author mark and year IBI 1982
100 1# - MAIN ENTRY--PERSONAL NAME
Personal name ইবসেন, হেনরিক
9 (RLIN) 123071
245 10 - TITLE STATEMENT
Title ইবসেন নাট্যসম্ভার /
Statement of responsibility, etc. হেনরিক ইবসেন ; অনুবাদ ও সম্পাদনা সুনীলকুমার ঘোষ
260 ## - PUBLICATION, DISTRIBUTION, ETC. (IMPRINT)
Place of publication, distribution, etc. কলিকাতা :
Name of publisher, distributor, etc. সান্যাল প্রকাশন,
Date of publication, distribution, etc. ১৯৮০-১৯৮২
300 ## - PHYSICAL DESCRIPTION
Pagination খণ্ড ;
Size ২২ সেমি.
505 0# - FORMATTED CONTENTS NOTE
Formatted contents note খণ্ড ১-- খণ্ড ২-- খণ্ড ৩--
650 ## - SUBJECT ADDED ENTRY--TOPICAL TERM
Topical term or geographic name as entry element নরওয়েজিয়ান নাটক
Chronological subdivision ১৯ শতক
9 (RLIN) 118925
Topical term or geographic name as entry element Norwegian drama.
Chronological subdivision 19th century
9 (RLIN) 118926
700 ## - ADDED ENTRY--PERSONAL NAME
Personal name ঘোষ, সুনীলকুমার
942 ## - ADDED ENTRY ELEMENTS (KOHA)
Source of classification or shelving scheme Dewey Decimal Classification
Koha item type Books
Holdings
Lost status Source of classification or shelving scheme Damaged status Not for loan Collection code Permanent Location Current Location Shelving location Date acquired Source of acquisition Cost, normal purchase price Total Checkouts Full call number Date last seen Date checked out Copy number Koha item type
  Dewey Decimal Classification   Not For Loan Non-fiction Central Library, University of Rajshahi Central Library, University of Rajshahi Reading Room 31/12/1996 Angkur Prokashan, Dhaka 25.00 1 B 839.8226 IBI V-2 1981 23/01/2016 28/12/2015 C-1 Books
  Dewey Decimal Classification   Not For Loan Non-fiction Central Library, University of Rajshahi Central Library, University of Rajshahi Reading Room 31/12/1996 Angkur Prokashan, Dhaka 25.00   B 839.8226 IBI V-1 1980 04/05/2017   C-1 Books
  Dewey Decimal Classification     Non-fiction Central Library, University of Rajshahi Central Library, University of Rajshahi   31/12/1996 Angkur Prokashan, Dhaka 25.00 2 B 839.8226 IBI V-2 1981 31/05/2021 04/04/2021 C-2 Books
  Dewey Decimal Classification   Not For Loan Non-fiction Central Library, University of Rajshahi Central Library, University of Rajshahi Reading Room 31/12/1996 Angkur Prokashan, Dhaka 25.00   B 839.8226 IBI V-3 1982 04/05/2017   C-1 Books
  Dewey Decimal Classification     Non-fiction Central Library, University of Rajshahi Central Library, University of Rajshahi   31/12/1996 Angkur Prokashan, Dhaka 25.00 2 B 839.8226 IBI V-3 1982 31/05/2021 04/04/2021 C-2 Books
  Dewey Decimal Classification     Non-fiction Central Library, University of Rajshahi Central Library, University of Rajshahi   06/01/1996 Ankur Prokasony 26.00 2 B 839.8226 IBI V-1 1980 31/05/2021 04/04/2021 C-2 Books